[Event "CHI Quilpue Region-ch sf 5th"]
[Site "Quilpue"]
[Date "2014.01.08"]
[Round "1.6"]
[White "Diaz Lillo, Fernanda"]
[Black "Cortes Orihuela, Javier"]
[Result "1/2-1/2"]
[WhiteElo "1866"]
[BlackElo "2146"]
[PlyCount "106"]
[EventDate "2014.01.08"]
[EventType "swiss"]
[EventRounds "9"]
[EventCountry "CHI"]
[SourceTitle "EXT 2024"]
[Source "ChessBase"]
[SourceDate "2023.10.10"]
[SourceVersion "1"]
[SourceVersionDate "2023.10.10"]
[SourceQuality "1"]

1. d4 Nf6 2. Nf3 g6 3. c4 Bg7 4. Nc3 d5 5. Bf4 0-0 6. e3 c5 7. Be2 cxd4 8. Nxd4 dxc4 9. Bxc4 a6 10. 0-0 Nbd7 11. Nf3 b5 12. Bb3 Bb7 13. Re1 Qb6 14. Nd5 Nxd5 15. Bxd5 e5 16. Bxb7 Qxb7 17. Bg3 Rfd8 18. Bh4 f6 19. Qb3+ Kh8 20. Red1 h6 21. Qf7 g5 22. Bg3 Nc5 23. Qxb7 Nxb7 24. Kf1 Rxd1+ 25. Rxd1 h5 26. h3 h4 27. Bh2 Rd8 28. Rxd8+ Nxd8 29. g3 hxg3 30. Bxg3 Nc6 31. Ke2 e4 32. Nd2 f5 33. f3 exf3+ 34. Nxf3 Bxb2 35. Nxg5 Nb4 36. Kd2 Nxa2 37. Kc2 Bf6 38. Nf7+ Kg7 39. Nd6 Kg6 40. Be1 Be7 41. Ne8 Bb4 42. Bxb4 Nxb4+ 43. Kc3 Nc6 44. Nd6 Kf6 45. h4 b4+ 46. Kb3 a5 47. h5 Kg5 48. h6 Kxh6 49. Nxf5+ Kg5 50. Nd6 Kf6 51. Nc4 Ke6 52. Nxa5 Nxa5+ 53. Kxb4 Nc6+ 1/2-1/2